Digital Services and Information Intelligence : 13th IFIP WG 6.11 Conference on e-Business, e-Services, and e-Society, I3E 2014, Sanya, China, November 28-30, 2014 : Proceedings /

Publicación que reúne una selección de las ponencias de la décima tercera Conferencia IFIP WG 6.11 sobre Comercio Electrónico, Servicios Electrónicos y Sociedad Electrónica, celebrada en Sanya, China, en noviembre de 2014. Los artículos que se incluyen abordan tres secciones temáticas: servicios dig...

Cijeli opis

Spremljeno u:
Bibliografski detalji
Autor kompanije: IFIP WG 6.11 Conference on e-Business, e-Services and e-Society ( Sanya, China)
Daljnji autori: Li, Hongxiu (edición) (edición), Mäntymäki, Matti (edición) (edición), Zhang, Xianfeng (edición) (edición)
Format: Izvještaj sastanka Knjiga
Jezik:engleski
Izdano: Heidelberg, Alemania : Springer, 2014, c2014
Serija:(IFIP Advances in Information and Communication Technology ; 445)
Teme:
Online pristup:Ver documento en línea
Oznake: Dodaj oznaku
Bez oznaka, Budi prvi tko označuje ovaj zapis!

MARC

LEADER 00000nam^a2200000^a^4500
001 000554915
005 20251023000000.0
009 20260310131707.192
020 |a 978-3-662-45526-5 
037 |a Acervo ITESO - Biblioteca 
041 |a ING 
082 |a Libro en línea 
111 |a IFIP WG 6.11 Conference on e-Business, e-Services and e-Society (  |n 13a :  |d 2014 :  |c Sanya, China) 
245 1 0 |a Digital Services and Information Intelligence :  |b 13th IFIP WG 6.11 Conference on e-Business, e-Services, and e-Society, I3E 2014, Sanya, China, November 28-30, 2014 : Proceedings /  |c Ed. de H. Li, M. Mäntymäki, X. Zhang. 
264 4 |a Heidelberg, Alemania :  |b Springer,  |c 2014, c2014 
264 2 |a Cham, Suiza :  |b Springer Link [distribución],  |c 2014, c2014 
300 |a 1 libro electrónico en línea (XIII, 359 p.) 
300 |a 1 recurso en línea 
336 |a datos para computadora  |b cod  |2 rdacontenido 
337 |a computadora  |b c  |2 rdamedio 
338 |a recurso en línea  |b cr  |2 rdasoporte 
440 1 |a (IFIP Advances in Information and Communication Technology ;  |v 445) 
506 0 |a Licencias ilimitadas 
520 |a Publicación que reúne una selección de las ponencias de la décima tercera Conferencia IFIP WG 6.11 sobre Comercio Electrónico, Servicios Electrónicos y Sociedad Electrónica, celebrada en Sanya, China, en noviembre de 2014. Los artículos que se incluyen abordan tres secciones temáticas: servicios digitales, sociedad digital y negocios digitales. 
649 |a XX 
650 |a Minería de Datos 
650 |a Negocios en Internet 
650 |a Tecnología y Sociedad 
650 |a Ciencia y Desarrollo 
650 |a Desarrollo Tecnológico 
650 |a Tecnologías de Comunicación e Información -  |x Aspectos Económicos 
650 |a Tecnologías de Comunicación e Información -  |x Aspectos Sociales y Culturales 
650 |a Tecnologías de Comunicación e Información -  |x Función Organizacional 
650 |a Tecnologías de Comunicación e Información -  |x Función Social 
650 |a Tecnologías de Comunicación e Información -  |x Congresos -  |x Tema Principal 
650 |a Tecnologías de Comunicación e Información -  |x Tema Principal 
650 |a Sistemas de Información 
650 |a Sistemas Computacionales 
650 |a Ingeniería Computacional 
700 |a Li, Hongxiu  |e (edición) 
700 |a Mäntymäki, Matti  |e (edición) 
700 |a Zhang, Xianfeng  |e (edición) 
856 4 0 |u https://link-springer-com.ezproxy.iteso.mx/10.1007/978-3-662-45526-5  |y Ver documento en línea 
910 |a Fondo General 
920 |a Electrónicos - Libros en Línea 
930 |a Plataforma Digital 
905 |a 205 
901 |a 554915-1  |b IT2  |c EBO  |u 20250521 
902 |a https://opac.biblio.iteso.mx/vufind/Record/000554915